Southville International School and Colleges
Your cart is empty.
  • Cart
  • Lists
    Public lists Eva Luna New books Lux_list list_1
    Your lists Log in to create your own lists
  • Log in to your account
  • Your cookies
  • Search history
Southville International School and Colleges
  • Advanced search
  • Recent comments
  • Most popular
  • Libraries

Log in to your account

Log in with GOOGLE


If you do not have an external account, but do have a local account, you can still log in:

  1. Home
  2. MARC view: Supremo :
Normal view MARC view ISBD view

Supremo : (Record no. 1401)

[ view plain ]
MARC details
000 -LEADER
fixed length control field 01355cam a22003974a 4500
001 - CONTROL NUMBER
control field 15024195
003 - CONTROL NUMBER IDENTIFIER
control field OSt
005 - DATE AND TIME OF LATEST TRANSACTION
control field 20140310181707.0
008 - FIXED-LENGTH DATA ELEMENTS--GENERAL INFORMATION
fixed length control field 070927s2001 ph a b 001 0beng
010 ## - LIBRARY OF CONGRESS CONTROL NUMBER
LC control number 2007322601
020 ## - INTERNATIONAL STANDARD BOOK NUMBER
International Standard Book Number 9716300905 (hard)
020 ## - INTERNATIONAL STANDARD BOOK NUMBER
International Standard Book Number 9716300913 (pbk.)
035 ## - SYSTEM CONTROL NUMBER
System control number (OCoLC)ocm50557349
040 ## - CATALOGING SOURCE
Original cataloging agency JNA
Transcribing agency JNA
Modifying agency OCLCQ
-- DLC
042 ## - AUTHENTICATION CODE
Authentication code lccopycat
-- lcode
043 ## - GEOGRAPHIC AREA CODE
Geographic area code a-ph---
050 00 - LIBRARY OF CONGRESS CALL NUMBER
Classification number DS 675.8
Item number .V468 2001
082 ## - DEWEY DECIMAL CLASSIFICATION NUMBER
Classification number FIL 920.959
Item number B64v 2001
100 1# - MAIN ENTRY--PERSONAL NAME
Personal name Ventura, Sylvia Mendez.
245 10 - TITLE STATEMENT
Title Supremo :
Remainder of title the story of Andres Bonifacio /
Statement of responsibility, etc by Sylvia Mendez Ventura ; drawings by Egai Fernandez.
250 ## - EDITION STATEMENT
Edition statement 1st ed.
260 ## - PUBLICATION, DISTRIBUTION, ETC. (IMPRINT)
Place of publication, distribution, etc Manila :
Name of publisher, distributor, etc Tahanan Books for Young Readers :
-- Distributed in the Philippines by Bookmark,
Date of publication, distribution, etc c2001.
300 ## - PHYSICAL DESCRIPTION
Extent 175 p. :
Other physical details col. ill. ;
Dimensions 27 cm.
504 ## - BIBLIOGRAPHY, ETC. NOTE
Bibliography, etc Includes bibliographical references (p. [165]-169) and index.
521 ## - TARGET AUDIENCE NOTE
Target audience note
541 ## - IMMEDIATE SOURCE OF ACQUISITION NOTE
-- 1
562 ## - COPY AND VERSION IDENTIFICATION NOTE
Number of copies 1
600 10 - SUBJECT ADDED ENTRY--PERSONAL NAME
Personal name Bonifacio, Andres,
Dates associated with a name 1863-1897.
650 #0 - SUBJECT ADDED ENTRY--TOPICAL TERM
Topical term or geographic name as entry element Revolutionaries
Geographic subdivision Philippines
Form subdivision Biography.
651 #0 - SUBJECT ADDED ENTRY--GEOGRAPHIC NAME
Geographic name Philippines
General subdivision Politics and government
Chronological subdivision 1896-1898.
651 #0 - SUBJECT ADDED ENTRY--GEOGRAPHIC NAME
Geographic name Philippines
General subdivision History
Chronological subdivision Revolution, 1896-1898.
700 1# - ADDED ENTRY--PERSONAL NAME
Personal name Fernandez, Egai,
Dates associated with a name 1955-
906 ## - LOCAL DATA ELEMENT F, LDF (RLIN)
a 7
b cbc
c copycat
d 3
e ncip
f 20
g y-gencatlg
942 ## - ADDED ENTRY ELEMENTS (KOHA)
Source of classification or shelving scheme Library of Congress Classification
Koha item type
Call number prefix Filipininana
Holdings
Withdrawn status Lost status Source of classification or shelving scheme Damaged status Home library Current library Shelving location Date acquired Total Checkouts Full call number Barcode Date last seen Date checked out Copy number Price effective from Koha item type
    Library of Congress Classification   Luxembourg Library Luxembourg Library Filipiniana Section 11/23/2012 1 DS 675.8 .V468 2001 15310 11/13/2015 11/11/2015 1 10/03/2013 Books

Supremo :

APA

Ventura S. M., Fernandez E., . (2001). Supremo. Manila: Tahanan Books for Young Readers.

Chicago

Ventura Sylvia Mendez, Fernandez Egai, . 2001. Supremo. Manila: Tahanan Books for Young Readers.

Harvard

Ventura S. M., Fernandez E., . (2001). Supremo. Manila: Tahanan Books for Young Readers.

MLA

Ventura Sylvia Mendez, Fernandez Egai, . Supremo. Manila: Tahanan Books for Young Readers. 2001.

  • Place hold
  • Print
  • Cite
  • Add to your cart (remove)
  • Save record
    BIBTEX Dublin Core MARCXML MARC (non-Unicode/MARC-8) MARC (Unicode/UTF-8) MARC (Unicode/UTF-8, Standard) MODS (XML) RIS
  • More searches
    Search for this title in:
    Other Libraries (WorldCat) Other Databases (Google Scholar) Online Stores (Bookfinder.com) Open Library (openlibrary.org)

Exporting to Dublin Core...

SOUTHVILLE LIBRARY

Southville International School and Colleges Library

1281 Tropical Ave. Cor. Luxembourg St., BF Homes International, Las Pinas City

Tel. No. 8256374 / 252358 Loc. 117/146

Powered by Koha